Mamma mia! /

Guardado en:
Detalles Bibliográficos
Autores principales: Cooper, Dominic, (1978-) (Autor), Andersson, Benny (Compositor), Ulvaeus, Björn (Compositor)
Autor Corporativo: Abba (gruppo musicale) (Compositor)
Otros Autores: Johnson, Catherine, (1973- ) (Animador de pantalla), Seyfried, Amanda (Actor), Streep, Meryl (Actor), Walters, Julie (Actor), Baranski, Christine (Actor), Lloyd, Phyllida (Director), Brosnan, Pierce (Actor), Zambarloukos, Haris (Fotógrafo), Firth, Colin (Actor), Skarsgård, Stellan (Actor)
Formato: Deslizar
Lenguaje:italiano
inglés
español
Publicado: [Roma] : Unive
Etiquetas: Agregar Etiqueta
Sin Etiquetas, Sea el primero en etiquetar este registro!

MARC

LEADER 00000ngm a22000007ib4500
001 IT\ICCU\MOD\1524778
003 ItRI
005 20260124182816.0
008 090218s2009 it |||||||||||||||k|||||c
024 3 1 |a 5050582541243 
028 4 2 |a 8254124 
028 4 2 |a 8254125  |b versione noleggio 
040 |b ita 
041 7 |a ita  |a eng  |a spa  |2 ISO-639-2 
082 |a 791.43  |9 CINEMA  |2 19 
130 0 |a Mamma mia! <film ; 2008>  |3 IT\ICCU\LO1\1237401 
245 0 0 |a Mamma mia! /  |c directed by Phyllida Lloyd ; music and lyrics by Benny Andersson, Bjorn Ulvaeus ; based on the songs of Abba ; director of photography Haris Zambarloukos ; screenplay by Catherine Johnson. 
260 |a [Roma] :  |b Unive 
300 |a  Pictures Italia, [2009]. - 1 DVD-Video (c). - 108 min.) :  |b color., sonoro 
500 |a Caratteristich. ((Tecniche: regione 2; PAL; video 2.40:1 anamorphic widescreen; audio Dolby digital 5.1 surround 
500 |a Titolo del contenitore 
500 |a Produzione cinematografica Gran Bretagna/USA/Germania 2008 
500 |a Interpreti: Meryl Streep, Pierce Brosnan, Colin Firth, Stellan Skarsgard, Julie Walters, Dominic Cooper, Amanda Seyfried, Christine Baranski 
500 |a Lingue e sottotitoli: italiano, inglese, spagnolo; sottotitoli anche in croato, greco, ebraico, portoghese, sloveno 
500 |a Contenuti speciali: commento al film; scene eliminate; curiosità sul set; brano musicale eliminato; il making of; anatomia di un brano musicale; come si diventa un cantante; dietro le quinte; cameo di Bjorn Ulvaeus. 
700 1 |a Cooper, Dominic,  |d  (1978-)  |0 IT\ICCU\BCTV\001581  |4 aut 
700 1 |a Johnson, Catherine,  |d  (1973- )  |0 IT\ICCU\LO1V\133789  |4 sce 
700 1 |a Andersson, Benny  |0 IT\ICCU\LO1V\350273  |4 cmp 
700 1 |a Ulvaeus, Björn  |0 IT\ICCU\LO1V\350274  |4 cmp 
700 1 |a Seyfried, Amanda  |0 IT\ICCU\MODV\628424  |4 act 
700 1 |a Streep, Meryl  |0 IT\ICCU\RAVV\089701  |4 act 
700 1 |a Walters, Julie  |0 IT\ICCU\RAVV\258099  |4 act 
700 1 |a Baranski, Christine  |0 IT\ICCU\RAVV\328961  |4 act 
700 1 |a Lloyd, Phyllida  |0 IT\ICCU\RMSV\848962  |4 drt 
700 1 |a Brosnan, Pierce  |0 IT\ICCU\TO0V\390553  |4 act 
700 1 |a Zambarloukos, Haris  |0 IT\ICCU\UBOV\038258  |4 pht 
700 1 |a Firth, Colin  |0 IT\ICCU\UBOV\490631  |4 act 
700 1 |a Skarsgård, Stellan  |0 IT\ICCU\UBOV\495884  |4 act 
710 2 |a Abba (gruppo musicale)  |0 IT\ICCU\UBOV\507022  |4 cmp 
773 0 |w IT\ICCU\CAG\2179696  |t E' complicato  |t Mamma mia!  |g 2 
790 1 |a Cooper, Dominic  |c  (attore)  |3 IT\ICCU\BCTV\001582  |z Cooper, Dominic (1978-) 
790 1 |a Anderson, Benny  |3 IT\ICCU\SBNV\052308  |z Andersson, Benny 
790 0 |a Sada  |3 IT\ICCU\CFIV\354545  |z Abba (gruppo musicale) 
790 1 |a Andersson, Benny  |3 IT\ICCU\LO1V\350273  |y Abba (gruppo musicale) 
790 0 |a Frida  |c  (cantante)  |3 IT\ICCU\LO1V\379140  |y Abba (gruppo musicale) 
790 1 |a Faltskog, Agnetha  |3 IT\ICCU\UBOV\924745  |y Abba (gruppo musicale) 
790 1 |a Ulvaeus, Björn  |3 IT\ICCU\LO1V\350274  |y Abba (gruppo musicale) 
791 2 |a Abba (gruppo musicale)  |3 IT\ICCU\UBOV\507022  |y Andersson, Benny 
791 2 |a Abba (gruppo musicale)  |3 IT\ICCU\UBOV\507022  |y Ulvaeus, Björn 
942 |2 ddc  |c VM  |n 0 
952 |0 0  |1 0  |4 0  |6 VO_1690_000000000000000  |7 0  |9 26629  |a BO  |b BO  |d 2026-01-24  |i 13023  |l 0  |o VO 1690  |p BO13023  |r 2026-01-24 18:28:16  |w 2026-01-24  |x [Sebina 5] [1 dvd]  |y VM  |z 1 dvd 
999 |c 22521  |d 22521